Teoría y problemas de espacio de estado y sistemas lineales / (Record no. 134573)

MARC details
000 -LEADER
campo de control de longitud fija 00897nam a22002777i 4500
001 - NÚMERO DE CONTROL
campo de control 134573
003 - IDENTIFICADOR DE NÚMERO DE CONTROL
campo de control ES-MaACL
005 - FECHA Y HORA DE LA ÚLTIMA TRANSACCIÓN
campo de control 20250831030833.0
007 - CAMPO FIJO DE DESCRIPCIÓN FÍSICA--INFORMACIÓN GENERAL
campo de control de longitud fija t|
008 - DATOS DE LONGITUD FIJA--INFORMACIÓN GENERAL
campo de control de longitud fija 070912s1971 mx ||||0| spa d
040 ## - FUENTE DE CATALOGACIÓN
Centro catalogador/agencia de origen M-BN
Lengua de catalogación spa
Centro/agencia transcriptor M-BN
080 ## - NÚMERO DE LA CLASIFICACIÓN DECIMAL UNIVERSAL
Número de la Clasificación Decimal Universal 517.926
080 ## - NÚMERO DE LA CLASIFICACIÓN DECIMAL UNIVERSAL
Número de la Clasificación Decimal Universal 681.511.2
100 1# - ENTRADA PRINCIPAL--NOMBRE DE PERSONA
Nombre de persona Wiberg, Donald M.
9 (RLIN) 116731
245 10 - MENCIÓN DEL TÍTULO
Título Teoría y problemas de espacio de estado y sistemas lineales /
Mención de responsabilidad, etc. por Donald M. Wiberg ; traducción y adaptación, Edgar Pérez Ordóñez.
260 ## - PUBLICACIÓN, DISTRIBUCIÓN, ETC.
Lugar de publicación, distribución, etc. México :
Nombre del editor, distribuidor, etc. McGraw-Hill,
Fecha de publicación, distribución, etc. [1971]
300 ## - DESCRIPCIÓN FÍSICA
Extensión 237 p.- :
Otras características físicas il., gráf ;
Dimensiones 28 cm.
490 1# - MENCIÓN DE SERIE
Mención de serie Serie de compendios Schaum
500 ## - NOTA GENERAL
Nota general Indice.
650 #4 - PUNTO DE ACCESO ADICIONAL DE MATERIA--TÉRMINO DE MATERIA
Término de materia o nombre geográfico como elemento de entrada Sistemas lineales.
9 (RLIN) 17141
650 17 - PUNTO DE ACCESO ADICIONAL DE MATERIA--TÉRMINO DE MATERIA
Término de materia o nombre geográfico como elemento de entrada Métodos del espacio de estado
Fuente del encabezamiento o término embne
9 (RLIN) 15021
830 0# - PUNTO DE ACCESO ADICIONAL DE SERIE-TÍTULO UNIFORME
Título uniforme Serie de compendios Schaum
9 (RLIN) 181142
852 ## - LOCALIZACIÓN
Ubicación ES-MaACL
Número de control de estantería L-9580
Sublocalización o colección R.111636
Holdings
Estatus retirado Estado de pérdida Estado de daño No para préstamo Biblioteca de origen Biblioteca actual Ubicación en estantería Fecha de adquisición Fuente de adquisición Total de préstamos Signatura topográfica completa Código de barras Visto por última vez Precio de reemplazo Tipo de ítem Koha
        Biblioteca del Ateneo de Madrid Biblioteca del Ateneo de Madrid Depósito 2 17/01/2008     L-9580 1140073 23/02/2023 23/02/2023 Libro impreso